Statistics for Electric Type Pokemon Moves

Click here to take the quiz!

General Stats

  • This quiz has been taken 62 times
  • The average score is 26 of 43

Answer Stats

HintAnswer% Correct
TThunder
100%
TThunderbolt
97%
TThunder Wave
94%
VVolt Tackle
94%
EElectro Ball
91%
TThunder Fang
91%
TThunder Punch
91%
TThunder Shock
89%
DDischarge
86%
CCharge
83%
VVolt Switch
83%
EElectric Terrain
80%
NNuzzle
80%
EElectroweb
77%
ZZap Cannon
74%
SSpark
71%
WWild Charge
71%
SShock Wave
69%
CCharge Beam
66%
#10,000,000 Volt Thunderbolt
60%
EElectrify
60%
FFusion Bolt
60%
MMagnet Rise
60%
PParabolic Charge
60%
ZZing Zap
57%
GGigavolt Havoc
51%
ZZippy Zap
51%
IIon Deluge
49%
MMax Lightning
49%
BBolt Strike
46%
PPlasma Fists
46%
EEerie Impulse
43%
CCatastropika
37%
MMagnetic Flux
37%
SStoked Sparksurfer
37%
OOverdrive
34%
BBolt Beak
31%
GG-Max Volt Crash
31%
PPika Papow
31%
RRising Voltage
31%
AAura Wheel
29%
BBuzzy Buzz
26%
GG-Max Stun Shock
20%

Score Distribution

Percentile by Number Answered

Percent of People with Each Score

Your Score History

You have not taken this quiz